| 000 | 00701cam a2200265Ia 4500 | ||
|---|---|---|---|
| 001 | 41181 | ||
| 005 | 20230410132613.0 | ||
| 008 | 880224t1981 nyu 000 1 eng d | ||
| 010 | _z 66012636 | ||
| 035 | _a(OCoLC)ocm17533623 | ||
| 040 |
_aCUL _cCUL _dKLF _dOCLCQ |
||
| 020 |
_a0670232084 : _c14.95 |
||
| 020 | _a9780670232086 | ||
| 035 | _a(OCoLC)17533623 | ||
| 050 | 1 | 4 |
_aPR 6013 _bG799c 1981 |
| 049 | _aGRAL | ||
| 100 | 1 |
_aGreene, Graham, _d1904-1991. |
|
| 245 | 1 | 4 |
_aThe comedians / _cGraham Greene. |
| 260 |
_aNew York : _bViking Press, _c1981. |
||
| 300 |
_a354 p. ; _c20 cm. |
||
| 650 | 4 | _aCEH | |
| 650 | 4 | _aColección Estudios Haitianos | |
| 942 |
_2lcc _cbk |
||
| 994 |
_aC0 _bDRFGD |
||
| 999 |
_c84495 _d84495 |
||